000 00356nam a2200145Ia 4500
008 230917s9999||||xx |||||||||||||| ||und||
040 _e195996
_aMAIN
041 _aEnglish
082 _a658.4 G959C
100 _aGupta
245 0 _aOrganisation and management
260 _aDelhi
_bShree Mahavir Book Depot
_c1999
300 _av, 484 p.
942 _cBK
999 _c102848
_d102848